00750nam a2200169Ia 4500001001000000003000500010008004100015010001100056040000900067082002300076111009100099245010900190260004400299300000900343650018200352710004600534Para_2798CHAP220125s1986 xx 000 0 und d a201274 cCHAP aPA 630.71 S45 1986 aSeminario del Sistema de Centros Regionales Universitarios (2: 1986: Chapingo, Méx.) aMemoria :b análisis regional de la agricultura II /c por UACh. Subdirección de Centros Regionales aChapingo, Méx. :b La Subdirección a2 v. aEducación agrícola x Congresos Agricultura x Investigación x Congresos México x Educación agrícola México x Agricultura Planeación regional x México. aUACh. Subdireción de Centros Regionales